[Event "Madrid-ch Previa-A"]
[Site "Madrid"]
[Date "2020.02.12"]
[Round "6"]
[White "Lopez Guitian, Juan J"]
[Black "Garcia Diez, Mariano"]
[Result "0-1"]
[WhiteElo "1497"]
[BlackElo "1804"]
[PlyCount "54"]
[EventDate "2020.02.03"]
[EventType "swiss"]
[EventRounds "9"]
[EventCountry "ESP"]
[SourceTitle "EXT 2021"]
[Source "ChessBase"]
[SourceDate "2020.10.23"]
[SourceVersion "1"]
[SourceVersionDate "2020.10.23"]
[SourceQuality "1"]

1. c4 f5 2. Nc3 Nf6 3. g3 e5 4. Bg2 Be7 5. d3 c6 6. Nf3 d6 7. 0-0 0-0 8. Qc2 h6 9. h4 Be6 10. Bd2 Nbd7 11. Nh2 Rc8 12. Be3 d5 13. cxd5 cxd5 14. d4 e4 15. Qd2 Nb6 16. Bf4 Nc4 17. Qc2 Nh5 18. Bc1 Qd7 19. e3 g5 20. Qe2 Qe8 21. g4 fxg4 22. Nxg4 gxh4 23. Nxh6+ Kh7 24. Ng4 Qg6 25. f3 Ng3 26. Qe1 Nxf1 27. b3 exf3 0-1

[Event "Madrid-ch Previa-A"]
[Site "Madrid"]
[Date "2019.02.18"]
[Round "7"]
[White "Garcia Diez, Mariano"]
[Black "Caamano Jimenez, Luis"]
[Result "1-0"]
[WhiteElo "1863"]
[BlackElo "1709"]
[PlyCount "78"]
[EventDate "2019.02.04"]
[EventType "swiss"]
[EventRounds "9"]
[EventCountry "ESP"]
[SourceTitle "EXT 2021"]
[Source "ChessBase"]
[SourceDate "2020.10.23"]
[SourceVersion "1"]
[SourceVersionDate "2020.10.23"]
[SourceQuality "1"]

1. Nf3 Nf6 2. d4 d6 3. c4 Nbd7 4. Nc3 g6 5. b3 Bg7 6. Bb2 0-0 7. e3 e5 8. Bd3 Re8 9. Qc2 exd4 10. Nxd4 Nc5 11. Be2 a5 12. 0-0 Ng4 13. h3 Ne5 14. f4 Ned3 15. Bxd3 Rxe3 16. Nd5 Rxd3 17. Rae1 Bxd4+ 18. Bxd4 Rxd4 19. Re8+ Qxe8 20. Nf6+ Kf8 21. Nxe8 Kxe8 22. Re1+ Ne6 23. Qf2 Kf8 24. Rxe6 Rd1+ 25. Re1 Rxe1+ 26. Qxe1 Be6 27. Qc3 Kg8 28. g4 b6 29. Qf6 Re8 30. f5 gxf5 31. gxf5 Bd7 32. h4 Bc6 33. h5 Re4 34. h6 Rg4+ 35. Kf1 Kf8 36. Qd8+ Be8 37. Qxc7 Rf4+ 38. Ke2 Rxf5 39. Qxd6+ Kg8 1-0

[Event "Madrid-ch Previa-A"]
[Site "Madrid"]
[Date "2019.02.13"]
[Round "6"]
[White "Garcia Sanz, Eduardo"]
[Black "Garcia Diez, Mariano"]
[Result "1-0"]
[WhiteElo "1775"]
[BlackElo "1863"]
[PlyCount "57"]
[EventDate "2019.02.04"]
[EventType "swiss"]
[EventRounds "9"]
[EventCountry "ESP"]
[SourceTitle "EXT 2021"]
[Source "ChessBase"]
[SourceDate "2020.10.23"]
[SourceVersion "1"]
[SourceVersionDate "2020.10.23"]
[SourceQuality "1"]

1. d4 f5 2. Nf3 Nf6 3. c4 e6 4. g3 d5 5. cxd5 exd5 6. Bg2 Bd6 7. 0-0 Qe7 8. Bf4 Nbd7 9. Bxd6 Qxd6 10. Nh4 Qe6 11. Bh3 Ng4 12. Qc2 Ndf6 13. Qxc7 g5 14. Nf3 Rg8 15. Bxg4 Nxg4 16. Nc3 Qh6 17. Nb5 Rg6 18. Rac1 a6 19. Na7 Bd7 20. Qxb7 Rd8 21. Rc5 Qh3 22. Rc6 Nf6 23. Rxa6 f4 24. Rxf6 Rxf6 25. Qxd5 g4 26. Qe5+ Re6 27. Qh8+ Kf7 28. Ng5+ Kg6 29. Nxh3 1-0

[Event "Madrid-ch Previa-A"]
[Site "Madrid"]
[Date "2019.02.11"]
[Round "4"]
[White "Bello Burguet, Glenier Lazaro"]
[Black "Garcia Diez, Mariano"]
[Result "1-0"]
[WhiteElo "1934"]
[BlackElo "1863"]
[PlyCount "69"]
[EventDate "2019.02.04"]
[EventType "swiss"]
[EventRounds "9"]
[EventCountry "ESP"]
[SourceTitle "EXT 2021"]
[Source "ChessBase"]
[SourceDate "2020.10.23"]
[SourceVersion "1"]
[SourceVersionDate "2020.10.23"]
[SourceQuality "1"]

1. Nf3 e6 2. g3 f5 3. Bg2 Nf6 4. c4 d5 5. 0-0 Bd6 6. d3 c6 7. Nc3 0-0 8. e4 dxe4 9. dxe4 e5 10. exf5 Bxf5 11. Ng5 Na6 12. Nge4 Be7 13. Qe2 Qc7 14. Nxf6+ Bxf6 15. Be4 Be7 16. Be3 Nc5 17. Bxf5 Rxf5 18. b4 Ne6 19. c5 Ng5 20. Qc4+ Kh8 21. Bxg5 Rxg5 22. Ne4 Rg6 23. Rad1 a5 24. a3 axb4 25. axb4 Rd8 26. Rd3 b5 27. cxb6 Qxb6 28. Rxd8+ Qxd8 29. Ra1 h5 30. Qf7 Kh7 31. Qf5 Qd5 32. Ra7 Qd1+ 33. Kg2 Bxb4 34. Ng5+ Kh6 35. Nf7+ 1-0

[Event "Madrid-ch Previa-A"]
[Site "Madrid"]
[Date "2019.02.06"]
[Round "3"]
[White "Garcia Diez, Mariano"]
[Black "Estevez Sacristan, Deva"]
[Result "1-0"]
[WhiteElo "1863"]
[BlackElo "1952"]
[PlyCount "103"]
[EventDate "2019.02.04"]
[EventType "swiss"]
[EventRounds "9"]
[EventCountry "ESP"]
[SourceTitle "EXT 2021"]
[Source "ChessBase"]
[SourceDate "2020.10.23"]
[SourceVersion "1"]
[SourceVersionDate "2020.10.23"]
[SourceQuality "1"]

1. Nf3 d5 2. g3 Nf6 3. Bg2 c6 4. 0-0 e6 5. d3 Bd6 6. Nbd2 0-0 7. e4 Nbd7 8. b3 e5 9. exd5 Nxd5 10. Nc4 Bc7 11. Ba3 Re8 12. Re1 f6 13. Nd6 Bxd6 14. Bxd6 Nf8 15. Bxf8 Rxf8 16. Qd2 c5 17. a4 Rb8 18. h4 Bg4 19. Nh2 Bh5 20. Nf1 Nc7 21. Ne3 Bf7 22. Qa5 Na6 23. Nc4 Qe7 24. Qc3 Nb4 25. f4 Nd5 26. Qd2 Qd7 27. fxe5 f5 28. Nd6 Be6 29. d4 cxd4 30. Qxd4 Ne7 31. c4 Nc6 32. Qc5 Nd8 33. Rad1 b6 34. Qb5 Qe7 35. Bd5 f4 36. Rf1 fxg3 37. Rxf8+ Kxf8 38. Rf1+ Kg8 39. Bxe6+ Nxe6 40. Qd5 Rf8 41. Rxf8+ Kxf8 42. Qa8+ Nd8 43. Qf3+ Nf7 44. Nxf7 Qxf7 45. Qxg3 Ke7 46. Qg2 Ke6 47. Qd5+ Ke7 48. Qd6+ Ke8 49. Qb8+ Ke7 50. Qxa7+ Ke6 51. Qxb6+ Kxe5 52. Qc5+ 1-0

[Event "Madrid-ch Seniors 50"]
[Site "Madrid"]
[Date "2019.01.17"]
[Round "9"]
[White "Garcia Diez, Mariano"]
[Black "Perez Cameselle, Francisco Jose"]
[Result "0-1"]
[WhiteElo "1887"]
[BlackElo "1767"]
[PlyCount "74"]
[EventDate "2019.01.07"]
[EventType "swiss"]
[EventRounds "9"]
[EventCountry "ESP"]
[SourceTitle "CBM 188 Extra"]
[Source "ChessBase"]
[SourceDate "2019.02.26"]
[SourceVersion "1"]
[SourceVersionDate "2019.02.26"]
[SourceQuality "1"]

1. e4 g6 2. Nf3 d6 3. g3 Nf6 4. d3 Bg7 5. Bg2 c5 6. 0-0 Nc6 7. c3 0-0 8. Re1 e5 9. a3 a5 10. h3 Bd7 11. Be3 b5 12. Nbd2 a4 13. d4 cxd4 14. cxd4 Qe7 15. d5 Na5 16. Rc1 Rfc8 17. Qe2 Qd8 18. Bg5 Rxc1 19. Rxc1 Rc8 20. Qe1 Rc7 21. Bf1 Qc8 22. Rxc7 Qxc7 23. Bxf6 Bxf6 24. Bd3 Qc5 25. Nb1 Bd8 26. Qf1 Bb6 27. h4 h5 28. Nc3 b4 29. Nb1 Nb3 30. Qe1 bxa3 31. Nxa3 Nd4 32. Nxd4 Qxd4 33. Qe2 Bc5 34. Bb5 Bxb5 35. Nxb5 Qb4 36. Na3 Qb3 37. Nc4 Qxg3+ 0-1

[Event "Madrid-ch Seniors 50"]
[Site "Madrid"]
[Date "2019.01.16"]
[Round "8"]
[White "Tudela Garcia, Antonio"]
[Black "Garcia Diez, Mariano"]
[Result "0-1"]
[WhiteElo "1568"]
[BlackElo "1887"]
[PlyCount "109"]
[EventDate "2019.01.07"]
[EventType "swiss"]
[EventRounds "9"]
[EventCountry "ESP"]
[SourceTitle "CBM 188 Extra"]
[Source "ChessBase"]
[SourceDate "2019.02.26"]
[SourceVersion "1"]
[SourceVersionDate "2019.02.26"]
[SourceQuality "1"]

1. e4 c5 2. Nc3 d6 3. f4 Nc6 4. Nf3 g6 5. Bb5 Bd7 6. 0-0 Bg7 7. Bxc6 Bxc6 8. d3 Qd7 9. Qe1 f5 10. exf5 Bxf3 11. Rxf3 gxf5 12. Nd5 0-0-0 13. Qa5 Kb8 14. Be3 e6 15. Nc3 Ne7 16. Rb1 Nc6 17. Qa3 Rhg8 18. Rg3 h5 19. h4 Bd4 20. Bxd4 Rxg3 21. Bf6 Ne7 22. Qa4 Rg6 23. Bg5 Qxa4 24. Nxa4 Re8 25. Nc3 a6 26. Re1 b5 27. Ne2 Nd5 28. c3 Kc7 29. Kf2 Nf6 30. Ng3 Kd7 31. Kf3 Rb8 32. Kf2 d5 33. Re2 c4 34. d4 Ne4+ 35. Nxe4 dxe4 36. g3 b4 37. Rd2 bxc3 38. bxc3 Kc6 39. Be7 Rb7 40. Bg5 Rg8 41. Bf6 a5 42. Be5 Ra8 43. Ke3 Ra6 44. d5+ exd5 45. Bd4 a4 46. Rc2 Ra5 47. Kd2 Rab5 48. Kc1 a3 49. Kd1 Rb1+ 50. Rc1 Rxc1+ 51. Kxc1 Rb2 52. Bg7 Rxa2 53. Bf8 Rg2 54. Bxa3 Rxg3 55. Be7 0-1

[Event "Madrid-ch Seniors 50"]
[Site "Madrid"]
[Date "2019.01.08"]
[Round "2"]
[White "Garcia Lafuente, Luis"]
[Black "Garcia Diez, Mariano"]
[Result "0-1"]
[WhiteElo "1556"]
[BlackElo "1887"]
[PlyCount "58"]
[EventDate "2019.01.07"]
[EventType "swiss"]
[EventRounds "9"]
[EventCountry "ESP"]
[SourceTitle "CBM 188 Extra"]
[Source "ChessBase"]
[SourceDate "2019.02.26"]
[SourceVersion "1"]
[SourceVersionDate "2019.02.26"]
[SourceQuality "1"]

1. d4 f5 2. Bf4 Nf6 3. e3 e6 4. Nd2 Be7 5. Ngf3 0-0 6. h4 b6 7. Ng5 Bb7 8. Ndf3 Na6 9. Bc4 c5 10. c3 cxd4 11. exd4 Nc7 12. Qe2 Nfd5 13. Bxc7 Nxc7 14. Ne5 Qe8 15. 0-0-0 Rf6 16. f4 Nd5 17. Qd2 Rc8 18. Bb5 Rc7 19. Rh3 a6 20. Be2 b5 21. Kb1 d6 22. Nd3 Nb6 23. Nb4 a5 24. Nc2 Qc8 25. Ne1 h6 26. Ngf3 b4 27. cxb4 axb4 28. Rc1 Be4+ 29. Bd3 Nc4 0-1

[Event "Madrid-ch Previa-A"]
[Site "Madrid"]
[Date "2017.02.14"]
[Round "5"]
[White "Franco Rincon, David"]
[Black "Garcia Diez, Mariano"]
[Result "0-1"]
[WhiteElo "1721"]
[BlackElo "1911"]
[PlyCount "130"]
[EventDate "2017.02.06"]
[EventType "swiss"]
[EventRounds "9"]
[EventCountry "ESP"]
[SourceTitle "CBM 177 Extra"]
[Source "ChessBase"]
[SourceDate "2017.04.27"]
[SourceVersion "1"]
[SourceVersionDate "2017.04.27"]
[SourceQuality "1"]

1. Nf3 f5 2. d3 Nf6 3. e4 fxe4 4. dxe4 Nxe4 5. Bd3 Nf6 6. Ng5 e6 7. Nxh7 c6 8. Nc3 d5 9. Ng5 Qc7 10. Bg6+ Kd7 11. Qe2 Ke7 12. g3 e5 13. Bf4 Ng4 14. Nf7 Kf6 15. Nxh8 exf4 16. 0-0-0 Ne5 17. Bd3 Bg4 18. Qd2 Nxd3+ 19. Qxd3 Bf5 20. Qd4+ Qe5 21. Qxe5+ Kxe5 22. Nf7+ Kf6 23. Nd8 b6 24. Rde1 Bd7 25. Re2 Na6 26. Nxc6 Bxc6 27. Rhe1 Nc7 28. gxf4 Bd6 29. Kb1 Rh8 30. f3 Rh4 31. Nd1 Rxf4 32. Nf2 Rxf3 33. Ng4+ Kf5 34. Ne3+ Kf4 35. Ng2+ Kg5 36. h4+ Kg4 37. Ne3+ Kxh4 38. Rh1+ Kg5 39. Rg1+ Rg3 40. Rxg3+ Bxg3 41. Rg2 Kf4 42. Nf1 Bh4 43. Rxg7 Bd8 44. Rg8 Bf6 45. Rf8 Kg5 46. Ne3 Ne6 47. Rf7 d4 48. Nc4 Bd5 49. Nd2 a5 50. Rd7 Bc6 51. Rd6 Nd8 52. Nc4 a4 53. Nxb6 Kf5 54. Nc4 Kg5 55. b3 axb3 56. axb3 Kf5 57. Kc1 Be7 58. Rh6 Bg5+ 59. Kd1 Bxh6 60. Ke2 Bb5 61. Kd3 Nc6 62. c3 Bxc4+ 63. bxc4 dxc3 64. Kxc3 Ke4 65. c5 Kd5 0-1

[Event "Madrid-ch sf"]
[Site "Madrid"]
[Date "2016.02.17"]
[Round "6"]
[White "Garcia Diez, Mariano"]
[Black "Martin Garcia, Francisco Javier"]
[Result "1-0"]
[WhiteElo "1902"]
[BlackElo "1553"]
[PlyCount "35"]
[EventDate "2016.02.08"]
[EventType "swiss"]
[EventRounds "9"]
[EventCountry "ESP"]
[SourceTitle "CBM 171 Extra"]
[Source "ChessBase"]
[SourceDate "2016.04.26"]
[SourceVersion "1"]
[SourceVersionDate "2016.04.26"]
[SourceQuality "1"]

1. e4 d5 2. exd5 Nf6 3. d4 Bg4 4. f3 Bf5 5. Bb5+ Nbd7 6. c4 e6 7. dxe6 Bxe6 8. Nd2 c6 9. Ba4 Nb6 10. d5 Nfxd5 11. cxd5 Qh4+ 12. g3 Qd4 13. dxe6 Bc5 14. Ne4 Bb4+ 15. Bd2 Nxa4 16. exf7+ Kd7 17. Bxb4 Qxd1+ 18. Rxd1+ 1-0